Historia del combate naval de Lepanto, y juicio de la importancia y consecuencias de aquel suceso : (Record no. 163971)

MARC details
000 -LEADER
campo de control de longitud fija 01044nam a2200229 i 4500
001 - NÚMERO DE CONTROL
campo de control 163971
003 - IDENTIFICADOR DE NÚMERO DE CONTROL
campo de control ES-MaACL
005 - FECHA Y HORA DE LA ÚLTIMA TRANSACCIÓN
campo de control 20250716052852.0
008 - DATOS DE LONGITUD FIJA--INFORMACIÓN GENERAL
campo de control de longitud fija 950206s1853 sp a |||| | spa d
040 ## - FUENTE DE CATALOGACIÓN
Centro catalogador/agencia de origen CLM
100 1# - ENTRADA PRINCIPAL--NOMBRE DE PERSONA
Nombre de persona Rosell, Cayetano,
Fechas asociadas al nombre 1817-1883
9 (RLIN) 99681
245 10 - MENCIÓN DEL TÍTULO
Título Historia del combate naval de Lepanto, y juicio de la importancia y consecuencias de aquel suceso :
Resto del título obra premiada por voto unánime de la Real Academia de la Historia, en el concurso de 1853 /
Mención de responsabilidad, etc. su autor Cayetano Rosell.
260 ## - PUBLICACIÓN, DISTRIBUCIÓN, ETC.
Lugar de publicación, distribución, etc. Madrid :
Nombre del editor, distribuidor, etc. [s.n.],
Fecha de publicación, distribución, etc. 1853 (
Fabricante Imp. de la Real Academia de la Historia)
300 ## - DESCRIPCIÓN FÍSICA
Extensión 260 p., [1] h. de mapa, [1] h. de lám. ;
Dimensiones 27 cm.
597 ## - NOTA DE DESCRIPCIÓN FÍSICA
NOTA DE DESCRIPCIÓN FÍSICA Port. con esc. real.
599 ## - NOTA A LAS ILUSTRACIONES
NOTA A LAS ILUSTRACIONES El mapa es litografía de la Batalla de Lepanto.
599 ## - NOTA A LAS ILUSTRACIONES
NOTA A LAS ILUSTRACIONES La h. de lám. es litografía: "Lit. de F. Kraus", medallas citadas en la p. 127.
650 ## - PUNTO DE ACCESO ADICIONAL DE MATERIA--TÉRMINO DE MATERIA
Término de materia o nombre geográfico como elemento de entrada Batalla de Lepanto, 1571.
9 (RLIN) 171486
710 2# - ENTRADA AGREGADA--NOMBRE DE ENTIDAD CORPORATIVA
Nombre de entidad corporativa o nombre de jurisdicción como elemento de entrada Real Academia de la Historia (España)
9 (RLIN) 6309
852 ## - LOCALIZACIÓN
Ubicación ES-MaACL
Número de control de estantería F-2637
Nota libre - Enc. hol.
Holdings
Estatus retirado Estado de pérdida Estado de daño No para préstamo Colección Biblioteca de origen Biblioteca actual Ubicación en estantería Fecha de adquisición Fuente de adquisición Total de préstamos Signatura topográfica completa Código de barras Visto por última vez Precio de reemplazo Tipo de ítem Koha
        Libros del s. XIX Biblioteca del Ateneo de Madrid Biblioteca del Ateneo de Madrid Depósito 2 17/01/2008     F-2637 1171854 23/02/2023 23/02/2023 Libro impreso antiguo